[Event "Bayern KO"]
[Site "SchemingMind.com"]
[Date "2017.08.24"]
[Round "-"]
[White "Ronald R. Nurmi"]
[Black "JasonY1982"]
[Result "0-1"]
[WhiteCountry "USA"]
[BlackCountry "USA"]
[WhiteElo "1703"]
[WhiteRD "84"]
[BlackElo "1987"]
[BlackRD "139"]
[GameID "417729"]

1. d4 Nf6 2. Bf4 e6 3. e3 d5 4. Nf3 Bd6 5. Bg3 O-O 6. Nbd2 c5 7. c3 cxd4 8. exd4 Nc6 9. Bd3 a6 10. Ne5 Qc7
11. Ndf3 h6 12. O-O b5 13. Rc1 Bb7 14. b4 Rac8 15. Re1 Nd7 16. Re3 Nxd4 17. Nxd7 Nxf3+ 18. Qxf3 Qxd7 19. Qd1 d4 20. Bxd6 dxe3
21. Bxf8 exf2+ 22. Kxf2 Kxf8 23. Rc2 Qc6 24. Kg1 Rd8 25. Qe2 Qb6+ 26. Kf1 Qd6
0-1

[Event "Bayern KO"]
[Site "SchemingMind.com"]
[Date "2017.08.24"]
[Round "-"]
[White "JasonY1982"]
[Black "Ronald R. Nurmi"]
[Result "1-0"]
[WhiteCountry "USA"]
[BlackCountry "USA"]
[WhiteElo "1987"]
[WhiteRD "139"]
[BlackElo "1703"]
[BlackRD "84"]
[GameID "417730"]

1. e4 d5 2. exd5 Qxd5 3. Nc3 Qd6 4. Nf3 Nf6 5. h3 c6 6. Bc4 Bf5 7. d3 Nbd7 8. O-O h6 9. Re1 e6 10. Ne2 Qc7
11. Ned4 Bg6 12. Bxe6 fxe6 13. Nxe6 Qb6 14. Qe2 Bd6 15. Bf4 Bxf4 16. Nxf4+ Kd8 17. Nxg6 Re8 18. Qd2 Rxe1+ 19. Qxe1 Qxb2 20. Rb1 Qxc2
21. Rxb7 Qxd3 22. Nfe5 Nxe5 23. Qa5+ Ke8 24. Re7#
1-0

[Event "Bayern KO"]
[Site "SchemingMind.com"]
[Date "2017.08.26"]
[Round "-"]
[White "Andrea Carra"]
[Black "grabapawn"]
[Result "1-0"]
[WhiteCountry "ITA"]
[BlackCountry "USA"]
[WhiteElo "2018"]
[WhiteRD "109"]
[BlackElo "1594"]
[BlackRD "51"]
[GameID "417813"]

1. e4 d6 2. d4 Nf6 3. Nc3 Nbd7 4. Nf3 e5 5. Bc4 Be7 6. O-O c6 7. Re1 Qc7 8. a4 h6 9. Qe2 g5 10. h3 Nf8
11. dxe5 dxe5 12. Nh2 Ng6 13. Ng4 Nf4 14. Nxf6+ Bxf6 15. Bxf4 gxf4 16. Qh5 Qe7 17. Rad1 Rh7 18. Rd3 Bd7 19. Red1 O-O-O 20. Nb5 Kb8
21. Nd6 Be8 22. Qf5 Rg7 23. Nxe8 Rxd3 24. Rxd3 Rg6 25. Nxf6 Rxf6 26. Qd7 Qxd7 27. Rxd7 Kc8 28. Rxf7 Rxf7 29. Bxf7 c5 30. g4 Kd7
31. Bd5 b6 32. h4 Ke7 33. g5 hxg5 34. hxg5 Kf8 35. g6 Kg7 36. Bf7 a6 37. f3 b5 38. axb5 axb5 39. c4 bxc4 40. Kf2 Kf6
41. Ke2
1-0

[Event "Bayern KO"]
[Site "SchemingMind.com"]
[Date "2017.08.26"]
[Round "-"]
[White "grabapawn"]
[Black "Andrea Carra"]
[Result "0-1"]
[WhiteCountry "USA"]
[BlackCountry "ITA"]
[WhiteElo "1594"]
[WhiteRD "51"]
[BlackElo "2018"]
[BlackRD "109"]
[GameID "417814"]

1. e4 e5 2. d4 exd4 3. c3 dxc3 4. Nxc3 Nc6 5. Bc4 d6 6. Nf3 Nf6 7. Bf4 Be6 8. Bb3 Qc8 9. O-O Be7 10. Re1 O-O
11. Bc2 Ng4 12. h3 Nge5 13. Rc1 Nxf3+ 14. Qxf3 Bf6 15. Rcd1 Be5 16. g4 Nd4 17. Qd3 Nxc2 18. Qxc2 Bxf4 19. f3 Qd8 20. Qf2 Qg5
21. Kg2 f5 22. Rh1 fxg4 23. hxg4 Bxg4 24. fxg4 Qxg4+
0-1

[Event "Bayern KO"]
[Site "SchemingMind.com"]
[Date "2017.09.09"]
[Round "-"]
[White "Robert Bruce"]
[Black "Apatchenlama"]
[Result "1-0"]
[WhiteCountry "SCO"]
[BlackCountry "GER"]
[WhiteElo "2378"]
[WhiteRD "70"]
[BlackElo "2077"]
[BlackRD "83"]
[GameID "418134"]

1. f4 d5 2. Nf3 Nf6 3. e3 c5 4. c4 e6 5. b3 Be7 6. Be2 b6 7. O-O dxc4 8. bxc4 Nc6 9. Nc3 O-O 10. d3 Bb7
11. a3 Nd7 12. Bd2 Bf6 13. Rb1 Re8 14. Ne4 Be7 15. Bc3 Nf6 16. Qc2 Ng4 17. Qd2 Qc7 18. Nfg5 Nh6 19. Bh5 Rad8 20. Bb2 Bf8
21. Qf2 Qe7 22. Qh4 f6 23. Qg3 Nf5 24. Qh3 Nh6 25. Bf7+ Kh8 26. Bxe8 Rxe8 27. Qxh6 fxg5 28. Nxg5
1-0

[Event "Bayern KO"]
[Site "SchemingMind.com"]
[Date "2017.09.08"]
[Round "-"]
[White "Apatchenlama"]
[Black "Robert Bruce"]
[Result "0-1"]
[WhiteCountry "GER"]
[BlackCountry "SCO"]
[WhiteElo "2077"]
[WhiteRD "83"]
[BlackElo "2378"]
[BlackRD "70"]
[GameID "418135"]

1. d4 f5 2. g3 Nf6 3. Nf3 d5 4. Bg2 g6 5. O-O Bg7 6. b3 c5 7. Bb2 cxd4 8. Bxd4 Nc6 9. c3 Qd6 10. b4 Nxd4
11. Nxd4 O-O 12. Qb3 e5 13. Nb5 Qc6 14. a4 Be6 15. Nd2 a6 16. Na3 Rfc8 17. Rfc1 e4 18. Qd1 Ng4 19. e3 Bxc3 20. h3 Nxf2
21. Kxf2 d4 22. Nf1 Qd5 23. Rxc3 Rxc3 24. Nc2 d3 25. Nd4 Rc4 26. b5 Rxd4 27. exd4 Qxd4+ 28. Ne3 Rc8
0-1

[Event "Bayern KO"]
[Site "SchemingMind.com"]
[Date "2017.09.06"]
[Round "-"]
[White "spoke"]
[Black "Chessibelle"]
[Result "1-0"]
[WhiteCountry "GER"]
[BlackCountry "ENG"]
[WhiteElo "1754"]
[WhiteRD "70"]
[BlackElo "1174"]
[BlackRD "62"]
[GameID "418182"]

1. e4 e5 2. Nf3 Nc6 3. Bc4 Nf6 4. Ng5 Qe7 5. Bxf7+ Kd8 6. Bb3 d6 7. Nf7+ Kd7 8. Nxh8 g6 9. d3 Nd4 10. Bf7 b6
11. c3 Ne6 12. Qa4+ c6 13. Nxg6 Qxf7 14. Nxf8+ Nxf8 15. Be3 Bb7 16. Nd2 Qg6 17. O-O Ke7 18. Nf3 h5 19. Nh4 Qg7 20. Nf5+ Kf7
21. Nxg7 Kxg7 22. f4 Ng4 23. Bd2 Ne6 24. d4 a5 25. d5 Kg6 26. f5+ Kf6 27. dxe6 Ke7 28. Bg5+ Ke8 29. h3 Kf8 30. hxg4 hxg4
31. Qd1 Kg7 32. Qxg4 Rh8 33. Kf2 Ba6 34. Be7+ Kh7 35. Rh1#
1-0

[Event "Bayern KO"]
[Site "SchemingMind.com"]
[Date "2017.09.06"]
[Round "-"]
[White "Chessibelle"]
[Black "spoke"]
[Result "0-1"]
[WhiteCountry "ENG"]
[BlackCountry "GER"]
[WhiteElo "1174"]
[WhiteRD "62"]
[BlackElo "1754"]
[BlackRD "70"]
[GameID "418183"]

1. e4 e5 2. Nf3 Nc6 3. d3 d5 4. Nc3 Bb4 5. Bd2 d4 6. Ne2 Qe7 7. g3 Nf6 8. Bg2 Bg4 9. Ng5 h6 10. Nf3 O-O
11. a3 Bxd2+ 12. Nxd2 b6 13. f3 Bh5 14. g4 Bg6 15. Ng3 Na5 16. b4 Nb7 17. Nf5 Bxf5 18. exf5 Nd5 19. O-O Ne3 20. Qe1 Nxc2
21. Qg3 Nxa1 22. Rxa1 Rac8 23. Re1 f6 24. Ne4 Nd6 25. h4 Nxe4 26. Rxe4 c5 27. b5 c4 28. Bf1 c3 29. Re1 Qxa3 30. Kh2 c2
31. Qf2 c1=Q 32. Kg3 Rc2 33. Re2 Rfc8 34. f4 Qxd3+ 35. Kg2 Rxe2 36. Kg1 Rxf2 37. Kxf2 Qcxf1#
0-1

[Event "Bayern KO"]
[Site "SchemingMind.com"]
[Date "2017.09.16"]
[Round "-"]
[White "Scooter"]
[Black "Nouveau L"]
[Result "0-1"]
[WhiteCountry "USA"]
[BlackCountry "FRA"]
[WhiteElo "1667"]
[WhiteRD "56"]
[BlackElo "2058"]
[BlackRD "102"]
[GameID "418675"]

1. d4 Nf6 2. Nf3 e6 3. Bg5 c5 4. e3 Be7 5. c3 b6 6. Be2 Bb7 7. Nbd2 O-O 8. O-O h6 9. Bxf6 Bxf6 10. Qc2 Qc7
11. Ne4 Be7 12. Rac1 d5 13. Ned2 Nd7 14. Bb5 Bd6 15. Bxd7 Qxd7 16. e4 cxd4 17. Nxd4 dxe4 18. Nxe4 Bf4 19. Rcd1 Rfd8 20. Ne2 Bxe4
21. Rxd7 Bxc2 22. Rxd8+ Rxd8 23. Nxf4 Rd2 24. f3 g5 25. Nh5 Bg6 26. Nf6+ Kg7 27. Ne4 Rxb2 28. Rf2 Rb1+ 29. Rf1 Bxe4 30. fxe4 Rxf1+
31. Kxf1 Kf6 32. Kf2 Ke5 33. Ke3 f5 34. exf5 exf5 35. g3 f4+ 36. Kf3 b5 37. h4 Kf5 38. g4+ Ke5 39. hxg5 hxg5
0-1

[Event "Bayern KO"]
[Site "SchemingMind.com"]
[Date "2017.09.16"]
[Round "-"]
[White "Nouveau L"]
[Black "Scooter"]
[Result "1-0"]
[WhiteCountry "FRA"]
[BlackCountry "USA"]
[WhiteElo "1812"]
[WhiteRD "142"]
[BlackElo "1703"]
[BlackRD "54"]
[GameID "418676"]

1. d4 Nf6 2. c4 d6 3. Nf3 Bg4 4. Nc3 Nbd7 5. e4 e5 6. Be2 exd4 7. Nxd4 Bxe2 8. Qxe2 g6 9. Be3 Bg7 10. Rd1 O-O
11. O-O Nc5 12. e5 Nfe4 13. Nxe4 Nxe4 14. Qf3 Ng5 15. Qxb7 Bxe5 16. Nc6 Qf6 17. f4
1-0

[Event "Bayern KO"]
[Site "SchemingMind.com"]
[Date "2017.09.25"]
[Round "-"]
[White "Quaff"]
[Black "Clive Everill"]
[Result "0-1"]
[WhiteCountry "ENG"]
[BlackCountry "CZE"]
[WhiteElo "1527"]
[WhiteRD "66"]
[BlackElo "1766"]
[BlackRD "60"]
[GameID "418935"]

1. e4 c5 2. f4 d5 3. e5 Nc6 4. Nf3 Bg4 5. Be2 e6 6. O-O Nge7 7. d3 Nf5 8. h3 Bxf3 9. Bxf3 Ncd4 10. c3 Nxf3+
11. Qxf3 Qb6 12. Kh1 Be7 13. b3 O-O 14. Be3 d4 15. cxd4 cxd4 16. Bd2 Bh4 17. Na3 Ng3+ 18. Kh2 Nxf1+ 19. Rxf1 Qc5 20. Nc4 b5
21. Na5 Qa3 22. Qc6 Qxa2 23. Qc1 Rfc8 24. Qe1 Bxe1
0-1

[Event "Bayern KO"]
[Site "SchemingMind.com"]
[Date "2017.09.25"]
[Round "-"]
[White "Clive Everill"]
[Black "Quaff"]
[Result "1-0"]
[WhiteCountry "CZE"]
[BlackCountry "ENG"]
[WhiteElo "1748"]
[WhiteRD "61"]
[BlackElo "1517"]
[BlackRD "72"]
[GameID "418936"]

1. e4 e5 2. f4 exf4 3. Nf3 g5 4. Nc3 d6 5. Bc4 Bg4 6. d4 Bxf3 7. Qxf3 Nd7 8. Be3 Qe7 9. Bf2 O-O-O 10. O-O-O Kb8
11. Rhe1 f6 12. Nb5 a6 13. Nc3 Nb6 14. Bd3 Bg7 15. Nd5 Nxd5 16. exd5 Qd7 17. g4 Qf7 18. Bf5 Ne7 19. Be6 Qf8 20. Rd3 Nc8
21. Rb3 Nb6 22. Rd1 Qe7 23. Rdd3 Ka7 24. Be1 Rb8 25. Ba5 Qd8 26. Qf2 Re8 27. Qd2 Re7 28. Qc3 h6 29. Qb4
1-0

[Event "Bayern KO"]
[Site "SchemingMind.com"]
[Date "2017.10.04"]
[Round "-"]
[White "echecs"]
[Black "William Lindberg"]
[Result "0-1"]
[WhiteCountry "ENG"]
[BlackCountry "USA"]
[WhiteElo "1816"]
[WhiteRD "68"]
[BlackElo "2437"]
[BlackRD "75"]
[GameID "419223"]

1. e4 e5 2. Nf3 Nc6 3. Bc4 Nf6 4. Ng5 d5 5. exd5 Na5 6. Bb5+ Bd7 7. Qe2 Be7 8. O-O Nxd5 9. Bxd7+ Qxd7 10. Qh5 g6
11. Qh6 f6 12. Ne4 Nc6 13. Nbc3 Ndb4 14. Qg7 O-O-O 15. Nxf6 Qe6 16. Nfe4 Nxc2 17. Rb1 h6 18. Na4 Rdg8 19. Nac5 Qxa2 20. d4 Rxg7
0-1

[Event "Bayern KO"]
[Site "SchemingMind.com"]
[Date "2017.10.06"]
[Round "-"]
[White "William Lindberg"]
[Black "echecs"]
[Result "1-0"]
[WhiteCountry "USA"]
[BlackCountry "ENG"]
[WhiteElo "2437"]
[WhiteRD "75"]
[BlackElo "1816"]
[BlackRD "68"]
[GameID "419224"]

1. c4 c5 2. Nf3 Nf6 3. Nc3 Nc6 4. g3 g6 5. Bg2 Bg7 6. O-O b6 7. d4 cxd4 8. Nxd4 Bb7 9. Nxc6 Bxc6 10. e4 O-O
11. e5 Ne8 12. Qe2 Qc7 13. Re1 Rc8 14. Nd5 Qd8 15. Bg5 f6 16. exf6 exf6 17. Ne7+ Kh8 18. Bd2 Rb8 19. Bxc6 dxc6 20. Nxc6 Qc8
21. Nxb8 Qxb8 22. Rad1 Qc8 23. Qe7 Nc7 24. Bh6
1-0

[Event "Bayern KO"]
[Site "SchemingMind.com"]
[Date "2017.10.07"]
[Round "-"]
[White "kenneth m day"]
[Black "smothered mate"]
[Result "0-1"]
[WhiteCountry "USA"]
[BlackCountry "POL"]
[WhiteElo "1731"]
[WhiteRD "61"]
[BlackElo "2093"]
[BlackRD "84"]
[GameID "419257"]

1. e4 e6 2. d4 d5 3. Nd2 Nf6 4. e5 Nfd7 5. Bd3 c5 6. c3 Nc6 7. Ne2 cxd4 8. cxd4 f6 9. Nf3 fxe5 10. dxe5 Ndxe5
11. Nxe5 Nxe5 12. Qc2 Nxd3+ 13. Qxd3 Bd6 14. O-O O-O 15. Qd4 Qf6 16. Be3 Be5 17. Qb4 b6 18. Rab1 Ba6 19. Qd2 d4 20. Bg5 Qg6
21. Rfe1 h6 22. Bh4 Rac8 23. Nxd4 Rf4 24. Nf3 Rxf3 25. Rxe5 Qxb1+ 26. Re1 Qd3 27. Qxd3 Rxd3 28. Bg3 Rc2 29. Be5 Re2 30. Rc1 Rxe5
0-1

[Event "Bayern KO"]
[Site "SchemingMind.com"]
[Date "2017.10.06"]
[Round "-"]
[White "smothered mate"]
[Black "kenneth m day"]
[Result "1-0"]
[WhiteCountry "POL"]
[BlackCountry "USA"]
[WhiteElo "2114"]
[WhiteRD "83"]
[BlackElo "1716"]
[BlackRD "59"]
[GameID "419258"]

1. e4 e5 2. Nf3 Nc6 3. Bb5 f5 4. Nc3 fxe4 5. Nxe4 Nf6 6. Qe2 d6 7. O-O Bd7 8. d3 Be7 9. a3 O-O 10. Bc4+ Kh8
11. Ba2 Bg4 12. c3 Qd7 13. h3 Bh5 14. Ng3 Bg6 15. Nh4 Bf7 16. Bb1 Nd8 17. d4 Ne6 18. dxe5 dxe5 19. Rd1 Qc6 20. Nhf5 Bd6
21. Be3 Bc5 22. Bd3 Bxe3 23. Nxe3 Nf4 24. Qc2 Bg6 25. Bxg6 Nxg6 26. Rd2 Nh4 27. Rad1 Rae8 28. f3 Ng6 29. Ne4 Nxe4 30. Qxe4 Qxe4
31. fxe4 h6 32. Rd7 Re7 33. Nf5 Rxd7 34. Rxd7 Nf4 35. Rxc7 Ne6 36. Rxb7 Nc5 37. Rxa7 Nxe4 38. Ne7 Rf2 39. Rb7 Rd2 40. Ng6+ Kh7
41. Nxe5 Nc5 42. Rb5 Ne6 43. Nf3 Rc2 44. Nd4 Nxd4 45. cxd4 Rd2 46. d5 Kg6 47. a4 Kf6 48. a5 Ke5 49. a6 Rd1+ 50. Kh2 Ra1
51. Rb6 Kxd5 52. b4 Ra4 53. b5 Ra5 54. Rb7 Kc5 55. a7 g6 56. b6 Kc6 57. Rb8
1-0

[Event "Bayern KO"]
[Site "SchemingMind.com"]
[Date "2017.10.10"]
[Round "-"]
[White "frankly"]
[Black "Geoffrey Rosser"]
[Result "1-0"]
[WhiteCountry "ENG"]
[BlackCountry "ENG"]
[WhiteElo "2610"]
[WhiteRD "61"]
[BlackElo "2042"]
[BlackRD "74"]
[GameID "419398"]

1. d4 d5 2. Nf3 Nc6 3. c4 e6 4. Nc3 Nf6 5. Bg5 Be7 6. e3 O-O 7. Rc1 dxc4 8. Bxc4 Nd5 9. Bxe7 Ncxe7 10. O-O b6
11. Qe2 a6 12. e4 Nf4 13. Qe3 Neg6 14. g3 Nh5 15. e5 Bb7 16. Rfd1 Bxf3 17. Qxf3 Qg5 18. Ne4 Qf5 19. Be2 Ra7 20. Qxf5 exf5
21. Nc3 Nhf4 22. gxf4 Nxf4 23. Bc4 Ne6 24. d5 Ng5 25. Kg2 Re8= 26. Bd3 Ne4 27. Bxe4 fxe4 28. Nxe4 Rxe5 29. d6
1-0

[Event "Bayern KO"]
[Site "SchemingMind.com"]
[Date "2017.10.09"]
[Round "-"]
[White "Geoffrey Rosser"]
[Black "frankly"]
[Result "0-1"]
[WhiteCountry "ENG"]
[BlackCountry "ENG"]
[WhiteElo "2025"]
[WhiteRD "81"]
[BlackElo "2526"]
[BlackRD "63"]
[GameID "419399"]

1. e4 c5 2. Nf3 Nc6 3. Bb5 e6 4. c4 Nge7 5. d4 cxd4 6. Nxd4 Ng6 7. O-O Qc7 8. f4 Nxd4 9. f5 Bc5 10. Kh1 a6
11. Be3 Nxb5 12. Bxc5 Qxc5 13. fxg6 Nd6 14. gxf7+ Nxf7 15. Qf3 O-O 16. Nd2 b5 17. e5 Rb8 18. Rae1 bxc4 19. Qf4 Rxb2 20. Nxc4 Rb4
21. Re4 Bb7 22. Rd4 Nxe5
0-1

[Event "Bayern KO"]
[Site "SchemingMind.com"]
[Date "2017.10.15"]
[Round "-"]
[White "Helga1946"]
[Black "kibic"]
[Result "0-1"]
[WhiteCountry "GER"]
[BlackCountry "INT"]
[WhiteElo "2282"]
[WhiteRD "76"]
[BlackElo "2590"]
[BlackRD "85"]
[GameID "419413"]

1. e4 e5 2. Nf3 Nc6 3. Bb5 Nf6 4. d3 Bc5 5. c3 O-O 6. Bg5 h6 7. Bh4 g5 8. Bg3 d6 9. Bxc6 bxc6 10. Nfd2 Bg4
11. Qc2 Be6 12. Qd1 Rb8 13. b3 Nd7 14. h4 f5 15. hxg5 Qxg5 16. Nf3 Qg7 17. Nbd2 a5 18. Qc2 Bb6 19. Nf1 Nf6 20. Qe2 a4
21. b4 c5 22. N1d2 cxb4 23. cxb4 a3 24. Rc1 Ba7 25. Rb1 Bxa2 26. Ra1 Be6 27. Rxa3 Ra8 28. Nb1 fxe4 29. dxe4 Qg6 30. Nfd2 Bd4
31. Ra5 c6 32. Rh4 Rab8 33. Ra4 d5 34. Na3 Ng4 35. Nf3 dxe4 36. Nxd4 exd4 37. b5 Rbd8
0-1

[Event "Bayern KO"]
[Site "SchemingMind.com"]
[Date "2017.10.15"]
[Round "-"]
[White "kibic"]
[Black "Helga1946"]
[Result "1-0"]
[WhiteCountry "INT"]
[BlackCountry "GER"]
[WhiteElo "2590"]
[WhiteRD "85"]
[BlackElo "2282"]
[BlackRD "76"]
[GameID "419414"]

1. e4 e5 2. Nf3 Nc6 3. Bb5 a6 4. Ba4 b5 5. Bb3 h6 6. O-O Qf6 7. c3 Rb8 8. d4 d6 9. a4 Bg4 10. axb5 axb5
11. Ra6 Nge7 12. d5 Nd8 13. Na3 Rb7 14. Nxb5 Rxb5 15. Ba4 Bd7 16. Ra7 Rb7 17. Bxd7+ Kxd7 18. Qa4+ c6 19. Rxb7+ Nxb7 20. Be3 Nd8
21. Ra1 Nc8 22. Qc4 Qg6 23. Ra8
1-0

[Event "Bayern KO"]
[Site "SchemingMind.com"]
[Date "2017.10.12"]
[Round "-"]
[White "fu_manchu"]
[Black "sbb"]
[Result "0-1"]
[WhiteCountry "CAN"]
[BlackCountry "USA"]
[WhiteElo "1872"]
[WhiteRD "65"]
[BlackElo "2494"]
[BlackRD "107"]
[GameID "419435"]

1. d4 Nf6 2. c4 Nc6 3. Nf3 e6 4. a3 d6 5. Nc3 g6 6. e4 Bg7 7. Bd3 O-O 8. O-O e5 9. d5 Nd4 10. Nxd4 exd4
11. Ne2 Re8 12. Qc2 Qe7 13. Nxd4 Nxe4 14. Be3 Bd7 15. Rfe1 Nc5 16. Qd2 Nxd3 17. Qxd3 Qf6 18. Re2 Re7 19. Rae1 h6 20. Nf3 Qf5
21. Qxf5 Bxf5 22. Rd2 Rae8 23. Kf1 a6 24. Nd4 Bd7 25. Ne2 f5 26. Nf4 g5 27. Nh5 f4 28. Nxg7 fxe3 29. Rxe3 Kxg7 30. Rxe7+ Rxe7
31. Re2 Rxe2 32. Kxe2 Kf6 33. Ke3 Ke5 34. g3 g4 35. f4+ gxf3 36. Kxf3 Kd4 37. b3 Kc3 38. Kf4 Kxb3
0-1

[Event "Bayern KO"]
[Site "SchemingMind.com"]
[Date "2017.10.11"]
[Round "-"]
[White "sbb"]
[Black "fu_manchu"]
[Result "1-0"]
[WhiteCountry "USA"]
[BlackCountry "CAN"]
[WhiteElo "2494"]
[WhiteRD "107"]
[BlackElo "1872"]
[BlackRD "65"]
[GameID "419436"]

1. d4 Nf6 2. c4 e6 3. g3 d5 4. Nf3 Be7 5. Bg2 O-O 6. O-O dxc4 7. Qc2 a6 8. a4 Bd7 9. Qxc4 b5 10. Qc2 bxa4
11. Ne5 Ra7 12. Rd1 Bc8 13. Nc3 Bb7 14. e4 c5 15. d5 exd5 16. exd5 Bd6 17. Nc6 Nxc6 18. dxc6 Ba8 19. Bf4 Ne8 20. Ne4 Bxc6
21. Ng5 f5 22. Bxc6 Qf6 23. Bxd6 Nxd6 24. Qxc5 Re7 25. Rxd6 Qxg5 26. Rad1 h6 27. h4 Qg4 28. Rd8 Re1+ 29. Kh2 Rxd8 30. Rxd8+ Kh7
31. Bd5 Kg6 32. Qd6+ Kh5 33. Rg8
1-0

[Event "Bayern KO"]
[Site "SchemingMind.com"]
[Date "2017.10.14"]
[Round "-"]
[White "ray winteringham"]
[Black "emvarela"]
[Result "0-1"]
[WhiteCountry "ENG"]
[BlackCountry "ARG"]
[WhiteElo "1443"]
[WhiteRD "51"]
[BlackElo "1911"]
[BlackRD "68"]
[GameID "419441"]

1. e4 e5 2. Nf3 Nc6 3. Be2 Nf6 4. d3 Bb4+ 5. c3 Be7 6. h3 O-O 7. Be3 d5 8. O-O dxe4 9. Ne1 Bf5 10. f3 Nd5
11. dxe4 Nxe3 12. Qxd8 Raxd8 13. Rf2 Be6 14. Bd3 Bh4 15. Re2 Nd1 16. Nd2 Nxb2 17. a3 Nxd3 18. Nxd3 Rxd3
0-1

[Event "Bayern KO"]
[Site "SchemingMind.com"]
[Date "2017.10.13"]
[Round "-"]
[White "nikita68"]
[Black "John Hamer"]
[Result "1-0"]
[WhiteCountry "RUS"]
[BlackCountry "ENG"]
[WhiteElo "2401"]
[WhiteRD "64"]
[BlackElo "1996"]
[BlackRD "65"]
[GameID "419452"]

1. d4 Nf6 2. c4 e6 3. Nf3 g6 4. g3 Bg7 5. Bg2 d5 6. O-O O-O 7. Nc3 Nc6 8. b3 Ne4 9. Nxe4 dxe4 10. Nd2 Bxd4
11. Rb1 f5 12. e3 Bc3 13. Qc2 Bg7 14. Rd1 Qe7 15. a3 Bd7 16. b4 Rad8 17. c5 Ne5 18. Bb2 Bb5 19. Bf1 Rxd2 20. Rxd2 Nf3+
21. Kg2 Nxd2 22. Qxd2 Rd8 23. Qc1 Bd3 24. Bxd3 exd3 25. Bxg7 d2 26. Qc2 Kxg7 27. Rd1 Qd7 28. Kf3 Qc6+ 29. Ke2 Qa6+ 30. Kf3 Qxa3
31. Rxd2 Rd5 32. Rxd5 exd5 33. Qd2 c6 34. Qd4+ Kg8 35. Kf4 a5 36. bxa5 Qxa5 37. Kg5 Qd8+ 38. Qf6 Qc7= 39. Kh6 Qd7 40. Qe5 Qf7
41. Qb8+ Qf8+ 42. Qxf8+ Kxf8 43. Kxh7 Kf7 44. f4
1-0

[Event "Bayern KO"]
[Site "SchemingMind.com"]
[Date "2017.10.13"]
[Round "-"]
[White "John Hamer"]
[Black "nikita68"]
[Result "1/2-1/2"]
[WhiteCountry "ENG"]
[BlackCountry "RUS"]
[WhiteElo "1996"]
[WhiteRD "65"]
[BlackElo "2401"]
[BlackRD "64"]
[GameID "419453"]

1. d4 Nf6 2. c4 e6 3. Nc3 Bb4 4. g3 d5 5. Bg2 O-O 6. Nf3 dxc4 7. O-O Nc6 8. a3 Be7 9. e4 h6 10. Be3 a6
11. Qa4 b5 12. Nxb5 Nxe4 13. Nc3 Nxc3 14. bxc3 Bd7 15. Qxc4 Na5 16. Qa2 Bb5 17. Rfe1 Bc4 18. Qc2 Rb8 19. Qa4 c5 20. dxc5 Rc8
21. Nd4 Bxc5 22. Rad1 Bxd4 23. Rxd4 Bb3 24. Qb4 Bd5 25. Rdd1 Rc4 26. Qb2 Rc6 27. Qe2 Nc4 28. Qh5=
1/2-1/2

[Event "Bayern KO"]
[Site "SchemingMind.com"]
[Date "2017.10.17"]
[Round "-"]
[White "Phillip Beckett"]
[Black "Erik Johnson"]
[Result "1/2-1/2"]
[WhiteCountry "ENG"]
[BlackCountry "USA"]
[WhiteElo "1600"]
[WhiteRD "57"]
[BlackElo "1622"]
[BlackRD "68"]
[GameID "419625"]

1. d4 Nf6 2. e3 g6 3. Bd3 Bg7 4. Nd2 O-O 5. f4 Nc6 6. c3 d5 7. Ngf3 a6 8. O-O Bg4 9. Qe1 Qc8 10. e4 dxe4
11. Nxe4 Nxe4 12. Bxe4 Qd7 13. Bxc6 Qxc6 14. Ne5 Bxe5 15. fxe5 b5 16. Bh6 Rfe8 17. Qf2 Be6 18. Qd2 Rad8 19. Qf2 Qd5 20. Qf3 Qxf3
21. Rxf3 Rd5 22. Raf1 c5 23. Be3 cxd4 24. Bxd4 b4 25. Re1 bxc3 26. Bxc3 Red8 27. Rfe3 Rd1 28. Kf2 Rxe1 29. Rxe1 Bxa2 30. Re4 Ra8
31. Ra4 Bb1 32. Bb4 e6 33. Ra1 Bd3 34. Ke3 Bb5 35. Rd1 Kg7 36. Be7 Rc8 37. Bf6+ Kh6 38. Rd4 Rc4 39. Rxc4 Bxc4 40. Kd4 Bd5
41. g3 g5 42. Kc5 Kg6 43. Kb6 Bc4 44. b3 Bxb3 45. Kxa6 h5 46. Kb6 g4 47. Kc5 Bc2 48. Kd4 Kh7=
1/2-1/2

[Event "Bayern KO"]
[Site "SchemingMind.com"]
[Date "2017.10.17"]
[Round "-"]
[White "Erik Johnson"]
[Black "Phillip Beckett"]
[Result "1/2-1/2"]
[WhiteCountry "USA"]
[BlackCountry "ENG"]
[WhiteElo "1622"]
[WhiteRD "68"]
[BlackElo "1600"]
[BlackRD "57"]
[GameID "419626"]

1. e4 e5 2. Nf3 Nc6 3. Bb5 a6 4. Bxc6 dxc6 5. O-O Qd6 6. d4 exd4 7. Qxd4 Qxd4 8. Nxd4 Bd7 9. Nc3 O-O-O 10. Nf3 f6
11. Be3 Ne7 12. Rfd1 Ng6 13. Rd3 Bd6 14. Rad1 Ne5 15. Nxe5 Bxe5 16. f4 Bxc3 17. Rxc3 Bg4 18. Rxd8+ Rxd8 19. Rd3 Rxd3 20. cxd3 Be6
21. a3 Bb3 22. d4 Bc2 23. e5 fxe5 24. dxe5 Kd7 25. Kf2 Ke6 26. Bd4 Kf5 27. Kf3 h5= 28. Ba7 Be4+ 29. Ke3 Bxg2 30. Bb8 g6
31. Bxc7 Bd5 32. Ba5 Ke6 33. Be1 Bb3 34. Kd4 Bd5 35. Kc5 b5 36. Kb6 Kf5 37. Bg3 g5 38. fxg5 Kxg5 39. Kxa6 Kf5= 40. Kb6 Ke6
41. Kc5 Bg2 42. b3 Bd5 43. a4 Bxb3 44. axb5 cxb5 45. Kxb5 Bd1=
1/2-1/2

[Event "Bayern KO"]
[Site "SchemingMind.com"]
[Date "2017.10.19"]
[Round "-"]
[White "aliwood"]
[Black "Transcendent"]
[Result "1-0"]
[WhiteCountry "ENG"]
[BlackCountry "ENG"]
[WhiteElo "1279"]
[WhiteRD "64"]
[BlackElo "1690"]
[BlackRD "73"]
[GameID "419680"]

1. Nf3 d5 2. d4 Nf6 3. c4 c6 4. Nc3 dxc4 5. a4 Bf5 6. e3 e6 7. Ne5 Nbd7 8. Nxd7 Qxd7 9. Bxc4 Bb4 10. O-O O-O
11. Ne2 Rac8 12. Bd2 Bxd2 13. Qxd2 c5 14. Bb5 Qc7 15. Rac1 Qd6 16. Rfd1 Ne4 17. Qe1 cxd4 18. exd4 a6 19. Bc4 Rc7 20. f3 Nf6
21. Bxe6 Bxe6 22. Rxc7 Qxc7 23. b4 Rd8 24. Rc1 Qb6 25. b5 axb5 26. a5 Qd6 27. Rd1 Bc4 28. Ng3 Nd5 29. Nf5 Qg6 30. Ne7+ Nxe7
31. Qxe7 Rf8 32. Qxb7
1-0

[Event "Bayern KO"]
[Site "SchemingMind.com"]
[Date "2017.10.19"]
[Round "-"]
[White "Transcendent"]
[Black "aliwood"]
[Result "1-0"]
[WhiteCountry "ENG"]
[BlackCountry "ENG"]
[WhiteElo "1701"]
[WhiteRD "69"]
[BlackElo "1266"]
[BlackRD "59"]
[GameID "419681"]

1. d4 d5 2. c4 e6 3. Nf3 Nf6 4. g3 dxc4 5. Bg2 Nc6 6. O-O a6 7. a4 Bd6 8. Nc3 O-O 9. e4 Bb4 10. Re1 b6
11. Bg5 Bb7 12. Rc1 b5 13. axb5 axb5 14. e5 Qd7 15. exf6 g6 16. Qd2 Na5 17. Bh6 Rfd8 18. Bg7 Nb3 19. Qh6
1-0

[Event "Bayern KO"]
[Site "SchemingMind.com"]
[Date "2017.10.23"]
[Round "-"]
[White "j4orce"]
[Black "Karsten Kjeldsen"]
[Result "0-1"]
[WhiteCountry "USA"]
[BlackCountry "DEN"]
[WhiteElo "1618"]
[WhiteRD "122"]
[BlackElo "2249"]
[BlackRD "135"]
[GameID "419802"]

1. d4 Nf6 2. Nc3 d5 3. h3 e6 4. Nf3 c5 5. Bf4 cxd4 6. Nxd4 Nbd7 7. Ncb5 e5 8. Bh2 Qb6 9. e3 a6 10. Nc7+ Qxc7
11. Be2 Qa5+ 12. c3 exd4 13. exd4 Qb6 14. Qc2 Bd6 15. f4 Ne4 16. Bf3 O-O 17. O-O Re8 18. Kh1 Ndf6 19. g4 h5 20. Rg1 Qc7
21. g5 Bf5 22. Qg2 Bxh3 23. Qc2 Ng4 24. Bxg4 hxg4 25. Rae1 Bxf4 26. Bxf4 Qxf4 27. Qh2 Qf3+
0-1

[Event "Bayern KO"]
[Site "SchemingMind.com"]
[Date "2017.10.23"]
[Round "-"]
[White "Karsten Kjeldsen"]
[Black "j4orce"]
[Result "1-0"]
[WhiteCountry "DEN"]
[BlackCountry "USA"]
[WhiteElo "2240"]
[WhiteRD "134"]
[BlackElo "1621"]
[BlackRD "119"]
[GameID "419803"]

1. b3 d5 2. Bb2 Bf5 3. e3 Nf6 4. f4 e6 5. Nf3 Bd6 6. Be2 h6 7. O-O a6 8. c4 Nbd7 9. Nc3 e5 10. fxe5 Nxe5
11. Nxe5 Bxe5 12. Rxf5 Bxh2+ 13. Kxh2 Qe7 14. Nxd5 Qd6+ 15. Be5
1-0